Site assessment and remediation handbook
Αποθηκεύτηκε σε:
| Κύριος συγγραφέας: | |
|---|---|
| Μορφή: | Βιβλίο |
| Γλώσσα: | English |
| Δημοσίευση: |
Boca Raton :
Lewis Publishers,
2003
|
| Έκδοση: | 2nd ed. |
| Θέματα: | |
| Ετικέτες: |
Προσθήκη ετικέτας
Δεν υπάρχουν, Καταχωρήστε ετικέτα πρώτοι!
|
MARC
| LEADER | 00000nam a2200000 i 4500 | ||
|---|---|---|---|
| 001 | 1/99590 | ||
| 008 | 081216s2003 eng d | ||
| 020 | |a 1-56670-577-0 | ||
| 035 | |l 10102524 | ||
| 040 | |a GR-MY-UA |b gre |e aacr | ||
| 041 | 0 | |a eng | |
| 082 | 0 | |a 628.168 |2 (22) | |
| 100 | 1 | |a Sara, Martin N. |d 1946- | |
| 245 | 1 | 0 | |a Site assessment and remediation handbook / |c Martin N. Sara |
| 250 | |a 2nd ed. | ||
| 260 | |a Boca Raton : |b Lewis Publishers, |c 2003 | ||
| 300 | |a ποικίλα σελιδαρίθμηση; |b εικ., χάρτες; |c 29 εκ. | ||
| 504 | |a Περιέχει βιβλιογραφικές παραπομπές και ευρετήριο | ||
| 650 | 0 | 0 | |a Groundwater |x Sampling. |
| 650 | 0 | 0 | |a Groundwater flow |x Measurement. |
| 650 | 0 | 0 | |a Hazardous waste treatment facilities |x Evaluation. |
| 650 | 0 | 0 | |a Refuse disposal facilities |x Evaluation. |
| 852 | |a INST |b LESVOS |e 20081216 |h 628.168 SAR |p 005100043701 |q 005100043701 |t BK |y 0 | ||
| 901 | |a BIBL1-2008-3 | ||
| 909 | |a Λ |b 157551 | ||
| 920 | |a ΕΠΕΑΕΚ ΠΜΣ ΔΙΑΧΕΙΡΙΣΗ ΠΑΡΑΚΤΙΩΝ ΠΕΡΙΟΧΩΝ |y ΛΕΣΒΟΣ |z 2008-12 | ||
| 970 | |a ΚΑΡΑ |b ΓΙΑΣΕΜΗ |z 2008/12/16 | ||